| 000 | 00822nam a22002537a 4500 | ||
|---|---|---|---|
| 005 | 20170123162337.0 | ||
| 010 | _a806695 | ||
| 020 | _c7.50 | ||
| 035 | _a806695 | ||
| 037 | _bCen Lib/Ret | ||
| 040 |
_aDPL _bUR |
||
| 082 |
_a841.08 _bغ ا ل |
||
| 100 |
_aگیاں چند جین _9506 |
||
| 245 |
_aرموز غالب / _cگیاں چند جین |
||
| 246 |
_aRamoz-e-Ghalib / _bby Gian Chand Jain |
||
| 260 |
_aنیی دہلی _bمکتبہ جامہ لیمنیٹڈ _c1976 |
||
| 270 |
_bنیی دہلی _aجامہ نگر _e110025 |
||
| 300 |
_a344p. _c21cm(Hb) |
||
| 650 |
_a ادب - اردو _9124785 |
||
| 650 |
_a اردو شاعری - تنقید _9107857 |
||
| 650 |
_aLiterature -- Urdu _9124786 |
||
| 650 |
_aUrdu poetry -- Criticism _9107865 |
||
| 942 |
_2ddc _cUR _h841.08 _mغ ا ل |
||
| 999 |
_c108229 _d108229 |
||